2nd International Congress of plant physiology on sustainable plant productivity under changing environment 8-12 Jan, 2003, New Delhi : Souvenir (Record no. 44090)

MARC details
000 -LEADER
fixed length control field 00438nam a2200121Ia 4500
082 ## - DEWEY DECIMAL CLASSIFICATION NUMBER
Classification number 581.1:061.3
Item number IAR
245 #0 - TITLE STATEMENT
Title 2nd International Congress of plant physiology on sustainable plant productivity under changing environment 8-12 Jan, 2003, New Delhi : Souvenir
260 ## - PUBLICATION, DISTRIBUTION, ETC. (IMPRINT)
Place of publication New Delhi
Name of publisher IARI
Year of publication 2003
650 ## - SUBJECT ADDED ENTRY--TOPICAL TERM
Topical Term Agricultural biotechnology
650 ## - SUBJECT ADDED ENTRY--TOPICAL TERM
Topical Term Plantation forestry
942 ## - ADDED ENTRY ELEMENTS (KOHA)
Koha item type Books
Holdings
Withdrawn status Lost status Damaged status Not for loan Home library Current library Date acquired Source of acquisition Full call number Accession Number Koha item type
        RRII Library RRII Library 16/12/2021 Gift 581.1:061.3 IAR G00838 Books